Discurso pronunciado en San Juan de la Maguana el día 22 de diciembre de 1959 por el generalísimo doctor Rafael Leonidas Trujillo Molina, benefactor de la patria y padre de la patria nueva, en ocasión de las grandes festividades del 104. aniversario de la Batalla de Santomé. / (Registro nro. 28929)
[ vista simple ]
| 000 -CABECERA | |
|---|---|
| campo de control de longitud fija | 00774nam a2200157 a 4500 |
| 001 - NÚMERO DE CONTROL | |
| campo de control | 000029437 |
| 005 - FECHA Y HORA DE LA ÚLTIMA TRANSACCIÓN | |
| campo de control | 20240229073937.0 |
| 008 - DATOS DE LONGITUD FIJA--INFORMACIÓN GENERAL | |
| campo de control de longitud fija | 110415s1959 dr 000 0 spa d |
| 040 ## - FUENTE DE LA CATALOGACIÓN | |
| Centro catalogador/agencia de origen | DO-SdBNP |
| Lengua de catalogación | spa |
| Centro/agencia transcriptor | BNPHU |
| 082 ## - NÚMERO DE LA CLASIFICACIÓN DECIMAL DEWEY | |
| Número de clasificación | xxx |
| Número de documento/Ítem | T866d |
| 049 ## - FONDOS LOCALES (OCLC) | |
| Fondos de biblioteca | BNPD |
| 100 1# - ENTRADA PRINCIPAL--NOMBRE DE PERSONA | |
| Nombre de persona | Trujillo Molina, Rafael Leónidas, |
| Fechas asociadas al nombre | 1891-1961 |
| Numeración | 1891-1961 |
| 9 (RLIN) | 76764 |
| 245 10 - MENCIÓN DE TÍTULO | |
| Título | Discurso pronunciado en San Juan de la Maguana el día 22 de diciembre de 1959 por el generalísimo doctor Rafael Leonidas Trujillo Molina, benefactor de la patria y padre de la patria nueva, en ocasión de las grandes festividades del 104. aniversario de la Batalla de Santomé. / |
| Mención de responsabilidad, etc. | Rafael Leonidas Trujillo Molina. |
| 260 ## - PUBLICACIÓN, DISTRIBUCIÓN, ETC. | |
| Lugar de publicación, distribución, etc. | Ciudad Trujillo, República Dominicana : |
| Nombre del editor, distribuidor, etc. | Editora del Caribe, |
| Fecha de publicación, distribución, etc. | 1959. |
| 300 ## - DESCRIPCIÓN FÍSICA | |
| Extensión | 13 p. : |
| Otras características físicas | 24 cm. |
| Estado de retiro | Estado de pérdida | No para préstamo | Código de colección | Localización permanente | Ubicación/localización actual | Ubicación en estantería | Fecha de adquisición | Número de inventario | Total de préstamos | Signatura topográfica completa | Código de barras | Fecha visto por última vez | Precio válido a partir de | Tipo de ítem Koha |
|---|---|---|---|---|---|---|---|---|---|---|---|---|---|---|
| Patrimonio Dominicano | Patrimonio Dominicano | Patrimonio Dominicano | Orden iniciada | 15.04.2011 | LF1 | xxx T866d | 29437-10 | 25.06.2020 | 25.06.2020 | Libro y Folleto Colección Patrimonio Dominicano |
